ბათუმის შოთა რუსთაველის სახელმწიფო უნივერსიტეტის ბიბლიოთეკა

Арбитажное процессуальное право. Практикум (ბიბ.ჩანაწერი № 35981)

000 -LEADER
fixed length control field 00896nam a2200229Ia 4500
001 - CONTROL NUMBER
control field 1880
003 - CONTROL NUMBER IDENTIFIER
control field GE_BSU
005 - DATE AND TIME OF LATEST TRANSACTION
control field 20221010122006.0
008 - FIXED-LENGTH DATA ELEMENTS--GENERAL INFORMATION
fixed length control field 181216s2005ru xx |||||||||||||| ||rus||
010 ## - LIBRARY OF CONGRESS CONTROL NUMBER
LC control number 5482000648
040 ## - CATALOGING SOURCE
Transcribing agency GE_BSU
041 ## - LANGUAGE CODE
Language code of text/sound track or separate title rus
080 ## - UNIVERSAL DECIMAL CLASSIFICATION NUMBER
Universal Decimal Classification number 347.918(075.8) A-79
245 ## - TITLE STATEMENT
Title Арбитажное процессуальное право. Практикум
Remainder of title Российская Академия правосудия /
Statement of responsibility, etc. Под ред. Д.А.Фурсова.
264 ## - PRODUCTION, PUBLICATION, DISTRIBUTION, MANUFACTURE, AND COPYRIGHT NOTICE
Place of production, publication, distribution, manufacture Москва :
Name of producer, publisher, distributor, manufacturer Проспект,
Date of production, publication, distribution, manufacture, or copyright notice 2005.
300 ## - PHYSICAL DESCRIPTION
Extent 224 с.
Other physical details 19 см.
653 ## - INDEX TERM--UNCONTROLLED
keyword Арбитажное процессуальное право.
653 ## - INDEX TERM--UNCONTROLLED
keyword საარბიტრაჟო საპროცესო სამართალი
653 ## - INDEX TERM--UNCONTROLLED
keyword სამართალი
700 ## - ADDED ENTRY--PERSONAL NAME
Personal name Фурсова, Д.А.
Relator term რედაქტორი
9 (RLIN) 15182
942 ## - ADDED ENTRY ELEMENTS (KOHA)
Koha item type წიგნი
Source of classification or shelving scheme
ეგზემპლარები
Withdrawn status Lost status Source of classification or shelving scheme Damaged status Not for loan Permanent Location Current Location Shelving location Date acquired Cost, normal purchase price Full call number Barcode Date last seen Copy number Price effective from Koha item type Public note
          ბათუმის შოთა რუსთაველის სახელმწიფო უნივერსიტეტის მთავარი ბიბლიოთეკა ბათუმის შოთა რუსთაველის სახელმწიფო უნივერსიტეტის მთავარი ბიბლიოთეკა წიგნსაცავი 2018-12-17 10.00 347.918(075.8) A-79 3911 2018-12-17 3911 2018-12-17 წიგნი 10.00